[Event "Helsingor Xtracon op"]
[Site "Helsingor"]
[Date "2018.07.22"]
[Round "3"]
[White "Preuss, Flemming"]
[Black "Ji, Jiahao Eric"]
[Result "1-0"]
[WhiteElo "1971"]
[BlackElo "1463"]
[PlyCount "45"]
[EventDate "2018.07.21"]
[EventType "swiss"]
[EventRounds "10"]
[EventCountry "DEN"]
[SourceTitle "CBM 185 Extra"]
[Source "ChessBase"]
[SourceDate "2018.07.29"]
[SourceVersion "1"]
[SourceVersionDate "2018.07.29"]
[SourceQuality "1"]

1. e4 c5 2. b4 cxb4 3. a3 bxa3 4. Nxa3 d6 5. d4 Nf6 6. Bd3 Nc6 7. c3 e6 8. Qe2 Be7 9. f4 0-0 10. Nf3 Bd7 11. 0-0 Rc8 12. Bd2 a6 13. Nc2 Qc7 14. e5 dxe5 15. fxe5 Nd5 16. Qe4 g6 17. Rac1 Qb8 18. Ne3 Nxe3 19. Bxe3 Rfd8 20. Ng5 Bxg5 21. Bxg5 Re8 22. Qh4 Ne7 23. Bxe7 1-0

[Event "Helsingor Xtracon op"]
[Site "Helsingor"]
[Date "2018.07.21"]
[Round "1"]
[White "Preuss, Flemming"]
[Black "Andreikin, Dmitry"]
[Result "0-1"]
[WhiteElo "1971"]
[BlackElo "2702"]
[PlyCount "70"]
[EventDate "2018.07.21"]
[EventType "swiss"]
[EventRounds "10"]
[EventCountry "DEN"]
[SourceTitle "CBM 185 Extra"]
[Source "ChessBase"]
[SourceDate "2018.07.29"]
[SourceVersion "1"]
[SourceVersionDate "2018.07.29"]
[SourceQuality "1"]

1. e4 c5 2. Nf3 e6 3. d4 cxd4 4. Nxd4 a6 5. g3 d5 6. Bg2 dxe4 7. 0-0 f5 8. Nc3 Nf6 9. h3 Bd6 10. Qe2 Be5 11. Nb3 0-0 12. Be3 Qc7 13. Bd4 Bxd4 14. Nxd4 e5 15. Nb3 Be6 16. Rfe1 Nbd7 17. Rad1 Nb6 18. f3 exf3 19. Qxf3 Rab8 20. Nd2 e4 21. Qe3 Nbd5 22. Nxd5 Nxd5 23. Qd4 Qxg3 24. Nf1 Qg5 25. Qe5 Nf4 26. Rd2 Rbd8 27. Red1 Nxh3+ 28. Kh2 Nf4 29. Ne3 Rxd2 30. Rxd2 Qh6+ 31. Kg1 Nxg2 32. Rxg2 Qxe3+ 33. Kh2 Qh6+ 34. Kg1 Rd8 35. Qxg7+ Qxg7 0-1

[Event "Politiken Cup 36th"]
[Site "Helsingor"]
[Date "2014.07.28"]
[Round "9"]
[White "Preuss, Flemming"]
[Black "Aabling Thomsen, Jakob"]
[Result "0-1"]
[WhiteElo "2015"]
[BlackElo "2333"]
[PlyCount "46"]
[EventDate "2014.07.21"]
[EventType "swiss"]
[EventRounds "10"]
[EventCountry "DEN"]
[SourceTitle "CBM 161 Extra"]
[Source "ChessBase"]
[SourceDate "2014.08.29"]
[SourceVersion "1"]
[SourceVersionDate "2014.08.29"]
[SourceQuality "1"]

1. Nf3 Nc6 2. d4 d5 3. Bf4 Bg4 4. e3 Qd7 5. Nbd2 f6 6. h3 Bh5 7. Be2 0-0-0 8. c3 Re8 9. Qa4 e6 10. 0-0-0 Bg6 11. Rhe1 Kb8 12. b4 e5 13. Bg3 Bd6 14. Kb2 e4 15. Bxd6 exf3 16. Bxc7+ Qxc7 17. gxf3 Nge7 18. Nb3 Nc8 19. Nc5 Nb6 20. Qb3 Qh2 21. Rf1 Rxe3 22. Bb5 Rxf3 23. Rd2 Qf4 0-1

[Event "Politiken Cup 36th"]
[Site "Helsingor"]
[Date "2014.07.24"]
[Round "5"]
[White "Preuss, Flemming"]
[Black "Moe, Mogens"]
[Result "1/2-1/2"]
[WhiteElo "2015"]
[BlackElo "2274"]
[PlyCount "93"]
[EventDate "2014.07.21"]
[EventType "swiss"]
[EventRounds "10"]
[EventCountry "DEN"]
[SourceTitle "CBM 161 Extra"]
[Source "ChessBase"]
[SourceDate "2014.08.29"]
[SourceVersion "1"]
[SourceVersionDate "2014.08.29"]
[SourceQuality "1"]

1. f4 c5 2. Nf3 Nc6 3. d3 g6 4. g3 Bg7 5. Bg2 d6 6. 0-0 Bd7 7. e4 Rb8 8. Nc3 b5 9. Ne2 Nf6 10. h3 c4 11. g4 Qb6+ 12. Kh1 Bxg4 13. hxg4 Nxg4 14. d4 e5 15. c3 0-0 16. fxe5 dxe5 17. d5 Na5 18. Qe1 Nb7 19. Nh2 Ne3 20. Bxe3 Qxe3 21. Rd1 Nc5 22. Nc1 Qg5 23. Qf2 Na4 24. d6 Rb7 25. Rd5 a6 26. Nf3 Qh5+ 27. Kg1 Nb6 28. Rdd1 Qg4 29. Nh2 Qe6 30. Qf3 Rd8 31. Bh3 Qe8 32. Ng4 Nd7 33. Qe3 Qf8 34. Qg3 h5 35. Ne3 Nc5 36. Qf3 Rxd6 37. Nd5 Qd8 38. Rf2 Kh8 39. Qe3 Ne6 40. Rdf1 Ng5 41. Bg2 Bh6 42. Qg3 Bg7 43. Ne2 a5 44. a3 Kg8 45. Kh1 Nh7 46. Ng1 Qg5 47. Kh2 1/2-1/2

[Event "Politiken Cup 36th"]
[Site "Helsingor"]
[Date "2014.07.23"]
[Round "4"]
[White "Frederiksen Kristian, Pade"]
[Black "Preuss, Flemming"]
[Result "1/2-1/2"]
[WhiteElo "1828"]
[BlackElo "2015"]
[PlyCount "120"]
[EventDate "2014.07.21"]
[EventType "swiss"]
[EventRounds "10"]
[EventCountry "DEN"]
[SourceTitle "CBM 161 Extra"]
[Source "ChessBase"]
[SourceDate "2014.08.29"]
[SourceVersion "1"]
[SourceVersionDate "2014.08.29"]
[SourceQuality "1"]

1. c4 f5 2. g3 Nf6 3. Bg2 d6 4. Nc3 e5 5. e3 c6 6. d4 e4 7. d5 c5 8. Nge2 Nbd7 9. Nf4 Ne5 10. h4 g6 11. b3 Qe7 12. Bb2 Bg7 13. 0-0 0-0 14. f3 exf3 15. Bxf3 Re8 16. Qd2 Nxf3+ 17. Rxf3 Bd7 18. Re1 Ng4 19. Re2 Bf6 20. Ne6 Rac8 21. e4 Ne5 22. Rf1 Bxe6 23. dxe6 Qxe6 24. exf5 gxf5 25. Qd5 Qxd5 26. Nxd5 Bg7 27. Kg2 Nc6 28. Rxe8+ Rxe8 29. Bxg7 Kxg7 30. Rxf5 Re2+ 31. Kh3 Rxa2 32. Kg4 Ne5+ 33. Kh5 Rg2 34. Rg5+ Kf7 35. Kh6 Rb2 36. Rg7+ Ke6 37. Rxb7 Nxc4 38. Nf4+ Kf6 39. Nd5+ Ke5 40. Re7+ Kxd5 41. bxc4+ Kxc4 42. Rxa7 d5 43. g4 d4 44. g5 d3 45. h5 d2 46. Rd7 Kc3 47. Kxh7 Rb7 48. Rxb7 d1Q 49. h6 Qd5 50. Rg7 c4 51. Kg6 Qe6+ 52. Kh5 Qe5 53. Kg6 Kc2 54. h7 c3 55. h8Q Qe6+ 56. Kh7 Qh3+ 57. Kg8 Qc8+ 58. Kh7 Qh3+ 59. Kg8 Qc8+ 60. Kh7 Qh3+ 1/2-1/2

[Event "Politiken Cup 36th"]
[Site "Helsingor"]
[Date "2014.07.22"]
[Round "2"]
[White "Rewitz, Poul"]
[Black "Preuss, Flemming"]
[Result "1/2-1/2"]
[WhiteElo "2218"]
[BlackElo "2015"]
[PlyCount "82"]
[EventDate "2014.07.21"]
[EventType "swiss"]
[EventRounds "10"]
[EventCountry "DEN"]
[SourceTitle "CBM 161 Extra"]
[Source "ChessBase"]
[SourceDate "2014.08.29"]
[SourceVersion "1"]
[SourceVersionDate "2014.08.29"]
[SourceQuality "1"]

1. Nf3 f5 2. e4 fxe4 3. Ng5 d5 4. d3 Qd6 5. Nc3 Nf6 6. dxe4 h6 7. Nb5 Qd8 8. e5 hxg5 9. exf6 c6 10. f7+ Kxf7 11. Nd4 e5 12. Nf3 e4 13. Nxg5+ Ke8 14. Be2 Qf6 15. Be3 Bf5 16. Qd2 Nd7 17. 0-0-0 Be7 18. g4 Bg6 19. h4 Ne5 20. Kb1 b5 21. h5 Bf7 22. Nxf7 Qxf7 23. b3 a5 24. Bd4 Qe6 25. g5 a4 26. h6 gxh6 27. Rxh6 Rxh6 28. gxh6 axb3 29. axb3 Bf6 30. Rg1 Kd7 31. Rg7+ Bxg7 32. hxg7 Nf3 33. Qf4 Qg6 34. Bxf3 Qg1+ 35. Qc1 Qxc1+ 36. Kxc1 exf3 37. Kd2 Rg8 38. Ke3 c5 39. Bxc5 Rxg7 40. Kxf3 Ke6 41. Ke3 Rg4 1/2-1/2

[Event "Koge Xtracon op"]
[Site "Koge"]
[Date "2013.10.18"]
[Round "6"]
[White "Nielsen, Klaus"]
[Black "Preuss, Flemming"]
[Result "1/2-1/2"]
[WhiteElo "2092"]
[BlackElo "1980"]
[PlyCount "54"]
[EventDate "2013.10.14"]
[EventType "swiss"]
[EventRounds "9"]
[EventCountry "DEN"]
[SourceTitle "EXT 2014"]
[Source "ChessBase"]
[SourceDate "2013.11.20"]
[SourceVersion "1"]
[SourceVersionDate "2013.11.20"]
[SourceQuality "1"]

1. d4 f5 2. Nc3 d5 3. Bf4 c6 4. e3 Nf6 5. Bd3 e6 6. h3 Bd6 7. Nge2 Qe7 8. Bxd6 Qxd6 9. f4 b6 10. 0-0 Ba6 11. a3 0-0 12. Qe1 c5 13. Bxa6 Nxa6 14. Rd1 Nc7 15. Qh4 c4 16. g4 b5 17. Ng3 g6 18. Kh1 a5 19. Rg1 Qd7 20. Qg5 Ne4 21. Ncxe4 dxe4 22. gxf5 exf5 23. Kg2 Nd5 24. Kf2 Qe7 25. Qh6 Qg7 26. Qg5 Qe7 27. Qh6 Qg7 1/2-1/2

[Event "Koge Xtracon op"]
[Site "Koge"]
[Date "2013.10.17"]
[Round "4"]
[White "Gleizerov, Evgeny"]
[Black "Preuss, Flemming"]
[Result "1-0"]
[WhiteElo "2545"]
[BlackElo "1980"]
[PlyCount "56"]
[EventDate "2013.10.14"]
[EventType "swiss"]
[EventRounds "9"]
[EventCountry "DEN"]
[SourceTitle "EXT 2014"]
[Source "ChessBase"]
[SourceDate "2013.11.20"]
[SourceVersion "1"]
[SourceVersionDate "2013.11.20"]
[SourceQuality "1"]

1. d4 f5 2. g3 g6 3. Bg2 Nf6 4. c4 Bg7 5. Nc3 0-0 6. Nh3 d6 7. d5 Na6 8. 0-0 h6 9. Nf4 Qe8 10. e4 g5 11. Nd3 fxe4 12. Nxe4 Nxe4 13. Bxe4 Qf7 14. Be3 Bf5 15. Qf3 b6 16. Rab1 Bxe4 17. Qxe4 Nc5 18. Nxc5 bxc5 19. b4 cxb4 20. Rxb4 Rfb8 21. Rfb1 Rxb4 22. Rxb4 Qf6 23. Rb7 Qa1+ 24. Kg2 Qxa2 25. Rxc7 Re8 26. Rxa7 Qe2 27. c5 dxc5 28. d6 e5 1-0

[Event "Koge Xtracon op"]
[Site "Koge"]
[Date "2013.10.16"]
[Round "3"]
[White "Petersen, Henry"]
[Black "Preuss, Flemming"]
[Result "0-1"]
[WhiteElo "1405"]
[BlackElo "1980"]
[PlyCount "75"]
[EventDate "2013.10.14"]
[EventType "swiss"]
[EventRounds "9"]
[EventCountry "DEN"]
[SourceTitle "EXT 2014"]
[Source "ChessBase"]
[SourceDate "2013.11.20"]
[SourceVersion "1"]
[SourceVersionDate "2013.11.20"]
[SourceQuality "1"]

1. e4 e5 2. Nf3 d6 3. d4 Nd7 4. Bc4 Be7 5. dxe5 Nxe5 6. Nxe5 dxe5 7. 0-0 Nf6 8. Nc3 c6 9. Bg5 Qc7 10. Bxf6 Bxf6 11. Qf3 0-0 12. Rfd1 b5 13. Bb3 a5 14. a4 b4 15. Ne2 Qe7 16. c3 Rb8 17. c4 Be6 18. Ba2 g6 19. b3 Rbd8 20. Ng3 h5 21. Qe3 Rd4 22. Rxd4 exd4 23. Qd3 Be5 24. Rf1 h4 25. Ne2 g5 26. Nxd4 Rd8 27. Nxc6 Rxd3 28. Nxe7+ Kf8 29. Nc6 Bc7 30. Bb1 Rxb3 31. Rd1 Bxc4 32. Ba2 Rd3 33. Rxd3 Bxd3 34. Bb3 Bxe4 35. Nd4 Bb6 36. Nb5 Ke7 37. Bxf7 Bc2 38. Bc4 0-1

[Event "Politiken Cup 35th"]
[Site "Helsingor"]
[Date "2013.08.04"]
[Round "10"]
[White "Preuss, Flemming"]
[Black "Hanssen, Johnny"]
[Result "1-0"]
[WhiteElo "1994"]
[BlackElo "1879"]
[PlyCount "55"]
[EventDate "2013.07.27"]
[EventType "swiss"]
[EventRounds "10"]
[EventCountry "DEN"]
[SourceTitle "CBM 155 Extra"]
[Source "ChessBase"]
[SourceDate "2013.08.26"]
[SourceVersion "1"]
[SourceVersionDate "2013.08.26"]
[SourceQuality "1"]

1. f4 d5 2. Nf3 c5 3. g3 Nf6 4. d3 Nc6 5. Bg2 g6 6. 0-0 Bg7 7. Qe1 0-0 8. c3 d4 9. Na3 e5 10. fxe5 Ng4 11. Bg5 Qe8 12. Nb5 Qd7 13. cxd4 Nb4 14. Na3 a5 15. h3 Nh6 16. dxc5 Nf5 17. Qf2 Nc6 18. Nc4 Qc7 19. g4 Nfe7 20. d4 Be6 21. Nd6 f6 22. exf6 Bxf6 23. Bxf6 Rxf6 24. Qh4 Raf8 25. Ng5 Rxf1+ 26. Rxf1 Rxf1+ 27. Kxf1 Bxa2 28. Qxh7+ 1-0

[Event "Politiken Cup 35th"]
[Site "Helsingor"]
[Date "2013.08.01"]
[Round "7"]
[White "Preuss, Flemming"]
[Black "Klings, Peter"]
[Result "0-1"]
[WhiteElo "1994"]
[BlackElo "2167"]
[PlyCount "164"]
[EventDate "2013.07.27"]
[EventType "swiss"]
[EventRounds "10"]
[EventCountry "DEN"]
[SourceTitle "CBM 155 Extra"]
[Source "ChessBase"]
[SourceDate "2013.08.26"]
[SourceVersion "1"]
[SourceVersionDate "2013.08.26"]
[SourceQuality "1"]

1. d4 g6 2. Nf3 Bg7 3. e3 Nf6 4. Nbd2 0-0 5. Bd3 d6 6. c3 Nbd7 7. Qe2 e5 8. 0-0 Re8 9. dxe5 dxe5 10. e4 Nc5 11. Bc2 Bd7 12. Nb3 Na4 13. Rb1 h6 14. Rd1 Qc8 15. Nbd2 Nh5 16. g3 Nc5 17. Nf1 Bh3 18. Ne3 Ne6 19. Re1 Rd8 20. Bd2 Nef4 21. gxf4 exf4 22. Kh1 fxe3 23. Qxe3 Nf6 24. Rg1 Be6 25. a3 Ng4 26. Qe2 c5 27. Bf4 b6 28. Bg3 Qc6 29. Rbd1 Rxd1 30. Rxd1 b5 31. Rd6 Qb7 32. Kg1 Re8 33. Qd2 Nf6 34. Qe3 Bf5 35. Rd8 Rxd8 36. exf5 Re8 37. Ne5 Ng4 38. Qf3 Qxf3 39. Nxf3 g5 40. h4 Bf6 41. hxg5 hxg5 42. Kf1 Nh6 43. Bd6 Rc8 44. Nd2 Kg7 45. Ne4 c4 46. Bc5 Nxf5 47. Bxa7 Be7 48. Nxg5 Kf6 49. Ne4+ Ke6 50. Ke2 Ra8 51. Bc5 Bxc5 52. Nxc5+ Ke5 53. a4 bxa4 54. Nxa4 Nd6 55. b3 cxb3 56. Bxb3 Rb8 57. Nc5 Rb5 58. Nd3+ Kf6 59. Bc2 Ra5 60. Ke3 Nf5+ 61. Ke4 Ra7 62. Nb4 Ne7 63. f3 Rd7 64. Bb3 Rc7 65. Kd3 Kg6 66. Nd5 Nxd5 67. Bxd5 Kf6 68. Kd4 Ke7 69. c4 f6 70. Ke4 Ra7 71. Kf5 Ra1 72. c5 Ra5 73. Be4 Rxc5+ 74. Kf4 Ke6 75. Kg3 Rc4 76. Bb7 Ke5 77. Ba8 f5 78. Bb7 f4+ 79. Kg4 Rc7 80. Be4 Rg7+ 81. Kh5 Kd4 82. Bf5 Rg3 0-1

[Event "Hamburg St Pauli op-A"]
[Site "Hamburg"]
[Date "2013.07.10"]
[Round "5"]
[White "Juergens, Karlheinz"]
[Black "Preuss, Flemming"]
[Result "1-0"]
[WhiteElo "2093"]
[BlackElo "1994"]
[PlyCount "43"]
[EventDate "2013.07.06"]
[EventType "swiss"]
[EventRounds "9"]
[EventCountry "GER"]
[SourceTitle "CBM 155 Extra"]
[Source "ChessBase"]
[SourceDate "2013.08.26"]
[SourceVersion "1"]
[SourceVersionDate "2013.08.26"]
[SourceQuality "1"]

1. e4 d6 2. d4 Nf6 3. Nc3 e5 4. Nf3 Nbd7 5. g4 Nxg4 6. Rg1 Ngf6 7. Bc4 h6 8. Be3 c6 9. dxe5 dxe5 10. Qd3 b5 11. Bxf7+ Kxf7 12. Nxe5+ Ke8 13. 0-0-0 Bb7 14. Ng6 Rg8 15. e5 Nxe5 16. Qf5 Ned7 17. Qe6+ Be7 18. Ne4 Nxe4 19. Qxg8+ Bf8 20. Qe6+ Be7 21. Rxd7 Qxd7 22. Qg8+ 1-0

[Event "Praesto Friends vs Talents"]
[Site "Praesto"]
[Date "2013.06.08"]
[Round "1.6"]
[White "Preuss, Flemming"]
[Black "Jacobsen, Mikkel Manosri"]
[Result "1-0"]
[WhiteElo "1994"]
[BlackElo "1920"]
[PlyCount "99"]
[EventDate "2013.06.08"]
[EventType "team-match"]
[EventRounds "1"]
[EventCountry "DEN"]
[SourceTitle "EXT 2018"]
[Source "ChessBase"]
[SourceDate "2017.10.13"]
[SourceVersion "1"]
[SourceVersionDate "2017.10.13"]
[SourceQuality "1"]
[WhiteTeam "Praesto and friends"]
[BlackTeam "Talents"]
[WhiteTeamCountry "DEN"]
[BlackTeamCountry "DEN"]

1. f4 Nf6 2. Nf3 d5 3. d3 Bg4 4. Ne5 Bf5 5. g3 e6 6. Bg2 Nbd7 7. Nf3 Bd6 8. 0-0 c6 9. e3 Qb6 10. Qe2 0-0-0 11. a4 Bg4 12. a5 Qc7 13. e4 e5 14. exd5 Nxd5 15. fxe5 Nxe5 16. d4 Nd7 17. c3 Rde8 18. Qf2 N7f6 19. Na3 Ne4 20. Qc2 Qxa5 21. Ne5 Bxe5 22. Qxe4 f5 23. Qb1 Bb8 24. h3 Nxc3 25. bxc3 Qxc3 26. hxg4 Qxd4+ 27. Kh1 Qxg4 28. Qxf5+ Qxf5 29. Rxf5 Bxg3 30. Bf4 Bxf4 31. Rxf4 Re7 32. Raf1 Rhe8 33. Nc4 Kc7 34. Rf7 g6 35. R1f6 Kd8 36. Nd6 Rxf7 37. Rxf7 Re7 38. Nxb7+ Ke8 39. Rf1 Rc7 40. Nc5 Ke7 41. Rd1 Kf6 42. Kh2 h5 43. Rd6+ Ke5 44. Rxg6 a5 45. Rg5+ Kd6 46. Rxh5 a4 47. Ne4+ Ke7 48. Ra5 a3 49. Kg3 a2 50. Kf4 1-0

[Event "Borup op 6th"]
[Site "Borup"]
[Date "2012.09.22"]
[Round "8"]
[White "Christophersen, David"]
[Black "Preuss, Flemming"]
[Result "1/2-1/2"]
[WhiteElo "1839"]
[BlackElo "1990"]
[PlyCount "125"]
[EventDate "2012.09.14"]
[EventType "swiss"]
[EventRounds "9"]
[EventCountry "DEN"]
[SourceTitle "CBM 150 Extra"]
[Source "ChessBase"]
[SourceDate "2012.10.19"]
[SourceVersion "1"]
[SourceVersionDate "2012.10.19"]
[SourceQuality "1"]

1. d4 f5 2. c4 Nf6 3. Nc3 g6 4. Bf4 d6 5. e3 Bg7 6. Nf3 0-0 7. Be2 Nh5 8. Bg3 c6 9. Nd2 Nxg3 10. hxg3 e5 11. dxe5 dxe5 12. Qc2 Qe7 13. 0-0-0 Be6 14. Nf3 Nd7 15. Rh2 e4 16. Nd4 Bf7 17. g4 fxg4 18. Nxe4 Rae8 19. Bxg4 Qxe4 20. Bxd7 Qxc2+ 21. Nxc2 Re7 22. b3 h5 23. Bh3 g5 24. g4 Be5 25. Rg2 h4 26. Nd4 Bxd4 27. Rxd4 Bg6 28. Kd2 Be4 29. Rh2 c5 30. Rd6 Kg7 31. Bf1 Ref7 32. Ke1 Rf6 33. Rxf6 Rxf6 34. Bg2 Bb1 35. a3 Rb6 36. b4 cxb4 37. axb4 Rxb4 38. Bd5 Rb2 39. Kd1 a5 40. Kc1 Rb4 41. f4 Kf6 42. Rb2 Bd3 43. Rxb4 axb4 44. Kd2 Bf1 45. Ke1 Bh3 46. Bxb7 Bxg4 47. fxg5+ Kxg5 48. c5 b3 49. Kd2 h3 50. Kc3 Be6 51. Bh1 Kg4 52. c6 Kg3 53. c7 Kf2 54. Bd5 Bc8 55. Kxb3 Kxe3 56. Kc4 h2 57. Kc5 Kf2 58. Kd6 Kg1 59. Ke7 Bh3 60. Kd8 h1Q 61. Bxh1 Kxh1 62. c8Q Bxc8 63. Kxc8 1/2-1/2

[Event "Borup op 6th"]
[Site "Borup"]
[Date "2012.09.21"]
[Round "6"]
[White "Stuhr, Finn"]
[Black "Preuss, Flemming"]
[Result "0-1"]
[WhiteElo "1657"]
[BlackElo "1990"]
[PlyCount "78"]
[EventDate "2012.09.14"]
[EventType "swiss"]
[EventRounds "9"]
[EventCountry "DEN"]
[SourceTitle "CBM 150 Extra"]
[Source "ChessBase"]
[SourceDate "2012.10.19"]
[SourceVersion "1"]
[SourceVersionDate "2012.10.19"]
[SourceQuality "1"]

1. e4 d6 2. d4 Nf6 3. Nc3 e5 4. dxe5 dxe5 5. Qxd8+ Kxd8 6. Bg5 Be6 7. Nf3 Nbd7 8. Bd3 Bd6 9. 0-0 Ke7 10. Nb5 a6 11. Nxd6 cxd6 12. b3 b5 13. Nh4 Rhc8 14. Rad1 Rc6 15. Rd2 Rac8 16. f3 h6 17. Be3 g5 18. Nf5+ Bxf5 19. exf5 d5 20. Rc1 d4 21. Bf2 Nc5 22. Re1 Nxd3 23. cxd3 Rc1 24. Rde2 Rxe1+ 25. Rxe1 Kd6 26. g4 Nd5 27. Bg3 f6 28. Rd1 Rc2 29. Ra1 Rd2 30. Be1 Rxd3 31. Kf2 Nc3 32. Rc1 b4 33. Ra1 e4 34. fxe4 Nxe4+ 35. Ke2 Re3+ 36. Kf1 a5 37. Rc1 Nc3 38. Bg3+ Kd5 39. Bc7 d3 0-1

[Event "Borup op 6th"]
[Site "Borup"]
[Date "2012.09.15"]
[Round "3"]
[White "Preuss, Flemming"]
[Black "Kunin, Vitaly L"]
[Result "0-1"]
[WhiteElo "1990"]
[BlackElo "2511"]
[PlyCount "94"]
[EventDate "2012.09.14"]
[EventType "swiss"]
[EventRounds "9"]
[EventCountry "DEN"]
[SourceTitle "CBM 150 Extra"]
[Source "ChessBase"]
[SourceDate "2012.10.19"]
[SourceVersion "1"]
[SourceVersionDate "2012.10.19"]
[SourceQuality "1"]

1. f4 d5 2. Nf3 g6 3. g3 Bg7 4. Bg2 Nf6 5. d3 0-0 6. 0-0 c5 7. Nc3 d4 8. Ne4 Nbd7 9. e3 dxe3 10. c3 Nd5 11. Qe2 b6 12. Bxe3 Nxe3 13. Qxe3 Bb7 14. Rad1 Qc7 15. d4 cxd4 16. Nxd4 Rad8 17. Rd2 a6 18. Rfd1 b5 19. Nf3 Nb6 20. Rxd8 Rxd8 21. Rxd8+ Qxd8 22. Nc5 Qd1+ 23. Kf2 Nc4 24. Qd3 Nxb2 25. Qxd1 Nxd1+ 26. Ke1 Bxf3 27. Bxf3 Nxc3 28. Nxa6 Nxa2 29. Kd2 e6 30. Kc2 Nc3 31. Bc6 Ne2 32. Kd3 Nd4 33. Bb7 Nf5 34. Nc5 Kf8 35. Ba6 b4 36. g4 Ne7 37. Ke4 Nc6 38. Bb5 Na5 39. Ba4 Ke7 40. Nb3 Nc4 41. f5 gxf5+ 42. gxf5 Nd6+ 43. Kd3 Nxf5 44. Kc4 Bc3 45. Na5 Ne3+ 46. Kd3 Ng4 47. Nc6+ Kd6 0-1

[Event "Hamburg St Pauli op"]
[Site "Hamburg"]
[Date "2012.07.09"]
[Round "3"]
[White "Engelbert, Christoph"]
[Black "Preuss, Flemming"]
[Result "1-0"]
[WhiteElo "2198"]
[BlackElo "2018"]
[PlyCount "105"]
[EventDate "2012.07.07"]
[EventType "swiss"]
[EventRounds "9"]
[EventCountry "GER"]
[SourceTitle "EXT 2013"]
[Source "ChessBase"]
[SourceDate "2012.11.22"]
[SourceVersion "1"]
[SourceVersionDate "2012.11.22"]
[SourceQuality "1"]

1. e4 d6 2. d4 Nf6 3. Nc3 e5 4. Nf3 Nbd7 5. Bc4 Be7 6. 0-0 0-0 7. Re1 c6 8. a4 b6 9. h3 a6 10. Ba2 Rb8 11. dxe5 dxe5 12. Bg5 Qc7 13. Nh4 g6 14. Bh6 Rd8 15. Qf3 Bf8 16. Bg5 Bg7 17. Rad1 Re8 18. Rxd7 Bxd7 19. Bxf6 Be6 20. Bxg7 Kxg7 21. Bxe6 Rxe6 22. Qe2 b5 23. axb5 axb5 24. Nf3 b4 25. Nd1 f6 26. Ne3 Rd6 27. Ra1 Rd7 28. Qc4 h5 29. Ra6 Rb6 30. Ra8 Rf7 31. b3 Qb7 32. Rd8 Qe7 33. Qd3 Rb7 34. Rd6 Rd7 35. Rxd7 Qxd7 36. Qxd7 Rxd7 37. Kf1 Kf7 38. Ke2 Ke6 39. Nc4 g5 40. Ne3 Rd8 41. Ne1 c5 42. Nd3 Rc8 43. Nc4 Rc7 44. Ne3 Rc8 45. g3 Rc7 46. Nb2 Rc8 47. Na4 Rc7 48. Kd3 h4 49. gxh4 gxh4 50. Kc4 Rg7 51. Nxc5+ Kf7 52. Nd5 Rg1 53. Nd3 1-0

[Event "EU-chT Seniors"]
[Site "Rogaska Slatina"]
[Date "2012.04.01"]
[Round "6.13"]
[White "Van Dongen, Rob"]
[Black "Preuss, Flemming"]
[Result "1/2-1/2"]
[WhiteElo "1968"]
[BlackElo "1993"]
[PlyCount "98"]
[EventDate "2012.03.27"]
[EventType "team-swiss"]
[EventRounds "9"]
[EventCountry "SLO"]
[SourceTitle "CBM 147 Extra"]
[Source "ChessBase"]
[SourceDate "2012.04.24"]
[SourceVersion "1"]
[SourceVersionDate "2012.04.24"]
[SourceQuality "1"]
[WhiteTeam "Vas (Seniors)"]
[BlackTeam "Denmark (Seniors) II"]
[WhiteTeamCountry "NED"]
[BlackTeamCountry "DEN"]

1. d4 Nf6 2. c4 e5 3. d5 Bc5 4. e3 d6 5. Nc3 a5 6. Bd3 0-0 7. h3 Re8 8. e4 c6 9. Nf3 Nbd7 10. 0-0 Nf8 11. Re1 Bd7 12. Be3 Bxe3 13. Rxe3 c5 14. Nb5 Bxb5 15. cxb5 N8d7 16. a4 g6 17. Qd2 Kg7 18. g3 Qe7 19. Nh4 Rf8 20. Kh2 Ng8 21. Rf1 b6 22. b3 Rae8 23. Ree1 Kh8 24. Rg1 f6 25. Qe3 Qg7 26. Ref1 Ne7 27. g4 h6 28. Rg3 Rf7 29. Rfg1 Nf8 30. Qf3 Nh7 31. Qe3 Ref8 32. Bc2 Rd8 33. R1g2 Kg8 34. Bd1 Kf8 35. Nf5 Nxf5 36. gxf5 g5 37. Bh5 Rc7 38. Be2 Qf7 39. h4 Ke7 40. Kg1 Rg8 41. Kf1 Rcc8 42. Rh3 Qg7 43. Qf3 Rh8 44. Qh5 Rcg8 45. Qg4 Nf8 46. Qh5 Qf7 47. Qxf7+ Kxf7 48. h5 Ke7 49. Rg4 Nd7 1/2-1/2

[Event "EU-chT Seniors"]
[Site "Rogaska Slatina"]
[Date "2012.03.31"]
[Round "5.17"]
[White "Norman, Dinah M"]
[Black "Preuss, Flemming"]
[Result "0-1"]
[WhiteElo "1876"]
[BlackElo "1993"]
[PlyCount "84"]
[EventDate "2012.03.27"]
[EventType "team-swiss"]
[EventRounds "9"]
[EventCountry "SLO"]
[SourceTitle "CBM 147 Extra"]
[Source "ChessBase"]
[SourceDate "2012.04.24"]
[SourceVersion "1"]
[SourceVersionDate "2012.04.24"]
[SourceQuality "1"]
[WhiteTeam "England (Seniors) III"]
[BlackTeam "Denmark (Seniors) II"]
[WhiteTeamCountry "ENG"]
[BlackTeamCountry "DEN"]

1. d4 f5 2. g3 Nf6 3. Bg2 g6 4. c4 d6 5. Nc3 Bg7 6. d5 0-0 7. Nh3 Na6 8. 0-0 Nc5 9. Ng5 h6 10. Nf3 e5 11. dxe6 Bxe6 12. Nd5 Bf7 13. Nxf6+ Qxf6 14. Nd2 c6 15. Rb1 Rfe8 16. b3 Qe7 17. e3 Rad8 18. Qc2 Qe6 19. Bb2 Bxb2 20. Rxb2 g5 21. Nf3 Bg6 22. Nd4 Qf6 23. Qd2 Rf8 24. a4 Kh7 25. Ra2 Ne4 26. Qc1 f4 27. f3 Nc5 28. Rd1 fxe3 29. Qxe3 Rde8 30. Qc3 Nd7 31. Qd2 Ne5 32. Qf2 Nd3 33. Rxd3 Bxd3 34. Rd2 Bg6 35. Re2 Rxe2 36. Nxe2 Re8 37. Nd4 c5 38. Nb5 a6 39. Nc7 Qa1+ 40. Bf1 Re1 41. Kg2 Qe5 42. Nd5 Rb1 0-1

[Event "Politiken Cup 33rd"]
[Site "Helsingor"]
[Date "2011.08.04"]
[Round "7"]
[White "Nielsen, Michael1111"]
[Black "Preuss, Flemming"]
[Result "1-0"]
[WhiteElo "2170"]
[BlackElo "1991"]
[PlyCount "75"]
[EventDate "2011.07.30"]
[EventType "swiss"]
[EventRounds "10"]
[EventCountry "DEN"]
[SourceTitle "CBM 143 Extra"]
[Source "ChessBase"]
[SourceDate "2011.08.29"]
[SourceVersion "1"]
[SourceVersionDate "2011.08.29"]
[SourceQuality "1"]

1. d4 Nf6 2. Bg5 d5 3. Bxf6 exf6 4. e3 c6 5. c4 dxc4 6. Bxc4 Be6 7. Bxe6 fxe6 8. Nc3 Qd7 9. Qb3 Na6 10. Nge2 Bd6 11. 0-0 0-0-0 12. Rac1 Kb8 13. Rfd1 Rhe8 14. Ne4 Bf8 15. Nf4 Ka8 16. a3 Nc7 17. Qa4 Nd5 18. Nd3 Nb6 19. Qc2 Qd5 20. Nec5 e5 21. Nb4 Qf7 22. Nxb7 Qxb7 23. Nxc6 Rc8 24. d5 Bd6 25. b4 e4 26. b5 Nd7 27. Qb3 Ne5 28. a4 Nd3 29. Rb1 Bxh2+ 30. Kxh2 Nxf2 31. Rd2 Nd3 32. d6 Rxc6 33. bxc6 Qxc6 34. Qf7 Qxd6+ 35. Kg1 Rb8 36. Rxb8+ Kxb8 37. Qe8+ Kb7 38. Qxe4+ 1-0